000 00242nam a2200109Ia 4500
008 190216s9999||||xx |||||||||||||| ||und||
100 _aSaxena
245 0 _aObjective Zoology
260 _bAs Prakashan
_c1997
300 _a1055p
942 _cREF
999 _c36356
_d36356